000 00762nam a2200229 a 4500
001 000025545
005 20200930023851.0
008 110217s1969 mx r 000 0 spa d
040 _aDO-SdBNP
_bspa
_cBNPHU
041 1 7 _aspa
_heng
_2Código de idiomas MARC
082 _ann*
_bnn*
100 1 _aSinger, Kurt.
_952211
240 1 0 _aSpies who changed history.
_lEspañol
245 1 0 _aEspias que cambiaron la historia /
_cKurt Singer ; recopilación de Kurt Singer ; traducción de J. A. Palenzuela.
250 _a3a ed.
260 _aMéxico, D. F. :
_bDiana,
_c1969.
300 _a220 p. ;
_c20 cm.
534 _aTítulo original :
_tSpies who changed history
700 1 _aSinger, Kurt.
_952211
700 1 _aPalenzuela, J. A.,
_etr.
_952212
049 _aBNGR
999 _c25037
_d25037